Soccer Players by Letter - O - Statistics

General Stats
  • This quiz has been taken 446 times
  • The average score is 8 of 12
Answer Stats
Picture Answer % Correct
Mesut Özil
99%
Martin Ødegaard
90%
Jan Oblak
83%
Dani Olmo
74%
Guillermo Ochoa
73%
Michael Owen
68%
Nicolás Otamendi
66%
Oscar
63%
Alex Oxlade-Chamberlain
47%
Marc Overmars
39%
Jay-Jay Okocha
35%
John Obi Mikel
34%
No matching quizzes found
Score Distribution
Percent of People with Each Score
Percentile by Number Answered
Your Score History
You have not taken this quiz